UBT Library

Menaxhimi i Burimeve Njerzore: Statistika te zgjedhura mbi Sektorin Financiar (Record no. 45719)

000 -LEADER
fixed length control field 00321nam a22001217a 4500
008 - FIXED-LENGTH DATA ELEMENTS--GENERAL INFORMATION
fixed length control field 180512b xxu||||| |||| 00| 0 eng d
041 ## - LANGUAGE CODE
Language code of text/sound track or separate title eng
080 ## - UNIVERSAL DECIMAL CLASSIFICATION NUMBER
Universal Decimal Classification number 043.3
100 ## - Rafti
Rafti 0
101 ## - Shkurtesa
Shkurtesa MBE-BA
245 ## - TITLE STATEMENT
Title Menaxhimi i Burimeve Njerzore: Statistika te zgjedhura mbi Sektorin Financiar
Statement of responsibility, etc Makolli, B
942 ## - ADDED ENTRY ELEMENTS (KOHA)
Source of classification or shelving scheme
Item type Books
Holdings
Withdrawn status Lost status Source of classification or shelving scheme Damaged status Not for loan Collection code Permanent location Current location Shelving location Date acquired Total Checkouts Full call number Barcode Date last seen Price effective from Koha item type
          Koleksioni i përgjithshem UBT - Lipjan UBT - Lipjan Disertacionet 05/12/2018   043.3 Makolli, B 2014 002-3004479 05/12/2018 05/12/2018 Books
          Koleksioni i përgjithshem UBT - Lipjan UBT - Lipjan Disertacionet 05/12/2018   043.3 Makolli, B 2014 002-3004478 05/12/2018 05/12/2018 Books
          Koleksioni i përgjithshem UBT - Lipjan UBT - Lipjan Disertacionet 05/12/2018   043.3 Makolli, B 2014 002-3004473 05/12/2018 05/12/2018 Books
          Koleksioni i përgjithshem UBT - Lipjan UBT - Lipjan Disertacionet 05/12/2018   043.3 Makolli, B 2014 002-3004468 05/12/2018 05/12/2018 Books
UBT Library © 2015-2024. All rights reserved University Education for Business and Technology